UFC Title Fights Fighters - Statistics

General Stats
  • This quiz has been taken 171 times
    63 since last reset
  • The average score is 48 of 92
Answer Stats
Hint Answer % Correct
Ciryl Gane
96%
. Tom Aspinall
96%
Alexandre Pantoja
92%
Dricus Du Plessis
92%
Ilia Topuria
92%
Magomed Ankalaev
92%
Max Holloway
92%
Merab Dvalishvili
92%
Alexander Volkanovski
84%
Alexandre Pantoja
84%
Alex Pereira
84%
Islam Makhachev
84%
Merab Dvalishvili
84%
Alex Pereira
80%
Belal Muhammad
80%
Dricus Du Plessis
80%
Dricus Du Plessis
80%
Jon Jones
80%
Merab Dvalishvili
80%
Alex Pereira
76%
Ilia Topuria
76%
Sean O'Malley
76%
Alexandre Pantoja
72%
Alex Pereira
72%
Charles Oliveira
72%
Dustin Poirier
72%
Islam Makhachev
72%
Khamzat Chimaev
72%
Leon Edwards
72%
Diego Lopes
64%
Israel Adesanya
64%
Magomed Ankalaev
64%
Renato Moicano
64%
Sean Strickland
64%
Stipe Miocic
64%
Alex Pereira
60%
Cory Sandhagen
60%
Justin Gaethje
60%
Kai Asakura
60%
Kai Kara France
60%
Max Holloway
60%
Merab Devalishvili
60%
Sean O'Malley
60%
Sean O'Malley
60%
Umar Nurmagomedov
60%
Alexander Volkanovski
56%
Jack Della Maddalena
56%
Khalil Rountree Jr.
56%
Leon Edwards
56%
Sean Strickland
56%
Dustin Poirier
52%
Belal Muhammad
48%
Jiri Prochazka
48%
Jiri Prochazka
48%
Aljamain Sterling
40%
Dricus Du Plessis
40%
Israel Adesanya
40%
Jamahal Hill
40%
Marlon Vera
40%
Max Holloway
40%
Alex Pereira
36%
Brandon Moreno
36%
Colby Covington
36%
Ilia Topuria
36%
Steve Erceg
36%
Alexander Volkanovski
32%
Sean Strickland
32%
Alexander Volkanovski
28%
Aljamain Sterling
28%
Charles Oliveira
28%
Glover Teixeira
28%
Islam Makhachev
28%
Alex Pereira
24%
Dustin Poirier
24%
Islam Makhachev
24%
Israel Adesanya
24%
Sean O'Malley
24%
Alexandre Pantoja
20%
Jon Jones
20%
Justin Gaethje
20%
Leon Edwards
20%
Yair Rodriguez
20%
Alexander Volkanovski
16%
Ciryl Gane
16%
Jamahal Hill
16%
Magomed Ankalaev
16%
Islam Makhachev
12%
Israel Adesanya
12%
Alex Pereira
8%
Henry Cejudo
8%
Kamaru Usman
8%
Jan Blachowicz
4%
No matching quizzes found
Score Distribution
Percent of People with Each Score
Percentile by Number Answered
Your Score History
You have not taken this quiz since the last reset